000 00431nam a22001697a 4500
999 _c1793
_d1793
008 200204b ||||| |||| 00| 0 eng d
020 _a8187105488
041 0 _aeng
082 0 0 _a005.369
_bM1439
100 _91406
_aMcFedroes, Paul
245 1 0 _aMicrosoft Office 97 /
_cby Paul McFedroes
250 _a2nd ed.
260 _aNew Delhi:
_bTechmedia,
_c1997.
300 _axxxv, 1316 p.
650 0 _aMicrosoft Office
942 _cBK